| 000 | 00527nam a2200157Ia 4500 | ||
|---|---|---|---|
| 008 | 100122s9999 xx 000 0 und d | ||
| 082 |
_b20186 _a821.09 |
||
| 100 | _aकालिदास | ||
| 245 | _aकालिदासाची सृष्टी | ||
| 260 |
_bमा दा आळतेकर _c1937 |
||
| 300 | _a276 | ||
| 630 | _aकालिदासाची सृष्टी | ||
| 700 | _aआळतेकर माधव दा | ||
| 730 | _aकालिदासाची सृष्टी | ||
| 942 | _cBOOK | ||
| 999 |
_c408917 _d408914 |
||